Febrero, o Librería de jueces, abogados y escribanos (Record no. 68395)

MARC details
000 -LEADER
campo de control de longitud fija 01104nam a2200241 i 4500
001 - NÚMERO DE CONTROL
campo de control 68395
003 - IDENTIFICADOR DE NÚMERO DE CONTROL
campo de control ES-MaACL
005 - FECHA Y HORA DE LA ÚLTIMA TRANSACCIÓN
campo de control 20251109144904.0
007 - CAMPO FIJO DE DESCRIPCIÓN FÍSICA--INFORMACIÓN GENERAL
campo de control de longitud fija t|
008 - DATOS DE LONGITUD FIJA--INFORMACIÓN GENERAL
campo de control de longitud fija 940202s1852 sp ||||1| spa d
040 ## - FUENTE DE CATALOGACIÓN
Centro catalogador/agencia de origen CAM
Lengua de catalogación spa
100 1# - ENTRADA PRINCIPAL--NOMBRE DE PERSONA
Nombre de persona Garcia Goyena, Florencio.
9 (RLIN) 206357
245 10 - MENCIÓN DEL TÍTULO
Título Febrero, o Librería de jueces, abogados y escribanos
Resto del título : comprensiva de los Códigos civil, criminal y administrativo, tanto en la parte teórica como en la práctica... /
Mención de responsabilidad, etc. por... Florencio Garcia Goyena... y... Joaquin Aguirre ; corregida y aumentada por... Joaquin Aguirre y... Juan Manuel Montalban.
250 ## - MENCION DE EDICION
Mención de edición 4ª ed.
Resto de la mención de edición reformada y considerablemente aum. por D. José de Vicente y Caravantes.
260 ## - PUBLICACIÓN, DISTRIBUCIÓN, ETC.
Lugar de publicación, distribución, etc. Madrid :
Nombre del editor, distribuidor, etc. [s.n.],
Fecha de publicación, distribución, etc. 1852 (
Fabricante Imp. de Gaspar Roig)
300 ## - DESCRIPCIÓN FÍSICA
Extensión 6 v. ;
Dimensiones 24 cm.
700 1# - ENTRADA AGREGADA--NOMBRE PERSONAL
Nombre de persona Montalbán, Juan Manuel,
Fechas asociadas al nombre 1806-1889
9 (RLIN) 82337
700 1# - ENTRADA AGREGADA--NOMBRE PERSONAL
Nombre de persona Vicente y Caravantes, José,
Fechas asociadas al nombre ca. 1820-1880
9 (RLIN) 133668
700 1# - ENTRADA AGREGADA--NOMBRE PERSONAL
Nombre de persona Aguirre, Joaquín,
Fechas asociadas al nombre 1807-1869
9 (RLIN) 160954
740 0# - ENTRADA AGREGADA--TÍTULO RELACIONADO/ANALÍTICO NO CONTROLADO
Título relacionado o analítico no controlado Librería de jueces, abogados y escribanos.
852 ## - LOCALIZACIÓN
Ubicación ES-MaACL
Número de control de estantería G-14392-97
Holdings
Estatus retirado Estado de pérdida Estado de daño No para préstamo Colección Biblioteca de origen Biblioteca actual Ubicación en estantería Fecha de adquisición Fuente de adquisición Total de préstamos Signatura topográfica completa Código de barras Visto por última vez Precio de reemplazo Tipo de ítem Koha
        Libros del s. XIX Biblioteca del Ateneo de Madrid Biblioteca del Ateneo de Madrid Sala Pecera Planta 3 17/01/2008     G-14392-97 1071596 23/02/2023 23/02/2023 Libro impreso antiguo